| 000 | 00520nam a22001577a 4500 | ||
|---|---|---|---|
| 003 | 0 | ||
| 005 | 20231107142448.0 | ||
| 008 | 231107b xxu||||| |||| 00| 0 eng d | ||
| 050 |
_aBV 4598.24 _b.Sa25 2023 |
||
| 100 | _aSalazar, Emily Claire R. | ||
| 245 |
_aGrit and happiness among emerging young adult entrepreneurs _cSalazar, Emily Claire R. |
||
| 260 |
_aLas Pinas City _bSouthville Intentional School and Colleges _cc2023. |
||
| 300 |
_a156 p. _c28cm. |
||
| 500 | _aSelf esteem--religious aspects. | ||
| 942 |
_2lcc _cTH |
||
| 999 |
_c365593 _d365593 |
||